000 00680nam a2200289Ia 4500
005 20260324140735.0
008 008 260324s9999 xx 000 0 eng d
020 _a9780203421734
037 _aEBOOK
040 _aCRL
040 _beng
040 _cCRL
041 _2eng
041 _aeng
084 _qCRL
100 _aEgbert Tellegen; Maarten Wolsink
_91205559
245 0 _aSociety and Its Environment
245 3 _bAn Introduction
260 _bTaylor and Francis
260 _c1998
365 _a
365 _b300
856 _uhttp://www.taylorfrancis.com/books/9780203421734
942 _cEBOOK
999 _c1807920
_d1807920